000 00434nam a2200193Ia 4500
008 090124s9999 xx 000 0 und d
020 _a81-7436-276-2
082 _b45968
100 _aAHMED AKBAR
245 _aDISCOVERING ISLAM
250 _a1
260 _c2003
300 _a231+20
600 _aAHMED AKBAR
630 _aDISCOVERING ISLAM
700 _aAHMED AKBAR
730 _aDISCOVERING ISLAM
942 _cBOOK
999 _c112231
_d112231